Statistics for Transformers Prime Characters

Click here to take the quiz!

General Stats

  • This quiz has been taken 146 times
  • The average score is 19 of 30

Answer Stats

HintAnswer% Correct
Autobot ScoutBumblebee
99%
Autobot LeaderOptimus Prime
98%
Autobot MedicRatchet
95%
Autobot WreckerBulkhead
93%
Autobot WarriorArcee
92%
Decepticon LeaderMegatron
92%
Decepticon Air CommanderStarscream
92%
Decepticon CommunicationsSoundwave
88%
Autobot WreckerWheeljack
87%
Decepticon ScientistShockwave
82%
Autobot NewbieSmokescreen
80%
Decepticon Turned AutobotKnock-Out
77%
Autobot CommanderUltra Magnus
77%
Decepticon WarriorBreakdown
75%
Autobot WarriorCliffjumper
71%
Predacon LeaderPredaking
71%
Evil Counterpart Of PrimusUnicron
63%
Decepticon TraitorAirachnid
59%
Decepticon WarriorDreadwing
55%
Decepticon WarriorSkyquake
55%
M.E.C.H. CreationNemesis Prime
54%
Insecticon WarriorHardshell
48%
Decepticon SpyLaserbeak
48%
Decepticon SpyMakeshift
40%
Autobot WisemanAlpha Trion
36%
Autobot WarriorTailgate
35%
Autobot WreckerSeaspray
28%
Predacon WarriorSky Lynx
25%
Predacon WarriorDarksteel
24%
Insecticon WarriorBombshock
7%

Score Distribution

Percentile by Number Answered

Percent of People with Each Score

Your Score History

You have not taken this quiz